ბათუმის შოთა რუსთაველის სახელმწიფო უნივერსიტეტის ბიბლიოთეკა

სულის ნაჟური (ბიბ.ჩანაწერი № 50708)

000 -LEADER
fixed length control field 00751nam a2200229Ia 4500
001 - CONTROL NUMBER
control field 17659
003 - CONTROL NUMBER IDENTIFIER
control field GE_BSU
008 - FIXED-LENGTH DATA ELEMENTS--GENERAL INFORMATION
fixed length control field 181216s||||||||xx |||||||||||||| ||und||
040 ## - CATALOGING SOURCE
Transcribing agency GE_BSU
080 ## - UNIVERSAL DECIMAL CLASSIFICATION NUMBER
Universal Decimal Classification number 821.353.1-4 + 821.353.1-92
100 ## - MAIN ENTRY--PERSONAL NAME
Personal name კარბელაშვილი,გივი
245 ## - TITLE STATEMENT
Title სულის ნაჟური
245 ## - TITLE STATEMENT
Remainder of title [ლიტ. წერილები]
245 ## - TITLE STATEMENT
Statement of responsibility, etc. რედ.:ე.ფალიანი;მხატვ.:ი.სხირტლაძე
260 ## - PUBLICATION, DISTRIBUTION, ETC.
Place of publication, distribution, etc. თბილისი
260 ## - PUBLICATION, DISTRIBUTION, ETC.
Name of publisher, distributor, etc. საბჭ.საქართველო
260 ## - PUBLICATION, DISTRIBUTION, ETC.
Date of publication, distribution, etc. 1987
300 ## - PHYSICAL DESCRIPTION
Extent 765გვ. ; 21სმ.
300 ## - PHYSICAL DESCRIPTION
Accompanying material 1ფ.პორტრ.
653 ## - INDEX TERM--UNCONTROLLED
Uncontrolled term ლიტ. წერილები
942 ## - ADDED ENTRY ELEMENTS (KOHA)
Koha item type წიგნი
ეგზემპლარები
Withdrawn status Lost status Damaged status Not for loan Date acquired Barcode Date last seen Price effective from Koha item type
        2018-12-17 22280 2018-12-17 2018-12-17 წიგნი